[Event "PRO League Group Stage"]
[Site "chess.com INT"]
[Date "2018.02.28"]
[Round "8"]
[White "Izoria, Zviad"]
[Black "Chjumachenko, Andrey"]
[Result "1-0"]
[WhiteTitle "GM"]
[BlackTitle "FM"]
[WhiteElo "2599"]
[BlackElo "2327"]
[WhiteTeam "San Jose Hackers"]
[BlackTeam "Seattle Sluggers"]
[WhiteFideId "13601733"]
[BlackFideId "4119975"]
[EventDate "2018.01.18"]

1. c4 Nf6 2. Nc3 d5 3. cxd5 Nxd5 4. g3 g6 5. Bg2 Nxc3 6. bxc3 c5 7. h4 h5 8. Nh3
Bg7 9. O-O O-O 10. Nf4 Nc6 11. Qb3 e5 12. Nd3 Na5 13. Qb5 b6 14. Nxc5 bxc5 15.
Bxa8 Bd7 16. Qxc5 Qxa8 17. Qxa5 Bh3 18. f3 Bxf1 19. Kxf1 e4 20. Kf2 exf3 21.
exf3 Qc8 22. Qb5 a6 23. Qf1 Rd8 24. Rb1 Qf5 25. Rb2 Rd3 26. Qe2 Rd8 27. Kg2 g5
28. Qe4 Qxe4 29. fxe4 Rd3 30. Rb8+ Kh7 31. Rb7 Kg6 32. Rb6+ Kh7 33. hxg5 Be5 34.
Rh6+ Kg7 35. Rxh5 Rxg3+ 36. Kf2 Kg6 37. Rh1 Rd3 38. Ke2 Rg3 39. d4 Bc7 40. Rh6+
Kg7 41. Bd2 Rg2+ 42. Kd3 Rg3+ 43. Kc2 Rg2 44. Kd3 Rg3+ 45. Kc4 Rg2 46. Rc6 Bd8
47. Bf4 Rxa2 48. Be5+ Kf8 49. Rc8 Ke8 50. Bf6 Kd7 51. Rxd8+ Kc6 52. d5+ Kc7 53.
Rf8 a5 54. Rxf7+ Kb6 55. Bd4+ 1-0

[Event "PRO League Group Stage"]
[Site "chess.com INT"]
[Date "2018.02.28"]
[Round "8"]
[White "Izoria, Zviad"]
[Black "Nakamura, Hikaru"]
[Result "1/2-1/2"]
[WhiteTitle "GM"]
[BlackTitle "GM"]
[WhiteElo "2599"]
[BlackElo "2781"]
[WhiteTeam "San Jose Hackers"]
[BlackTeam "Seattle Sluggers"]
[WhiteFideId "13601733"]
[BlackFideId "2016192"]
[EventDate "2018.01.18"]

1. d4 e6 2. c4 b6 3. e3 Bb7 4. Nc3 Bb4 5. Ne2 Nf6 6. a3 Be7 7. Nf4 O-O 8. Bd3 d5
9. cxd5 exd5 10. b4 c5 11. bxc5 bxc5 12. dxc5 Nbd7 13. O-O Nxc5 14. Be2 Bd6 15.
Nb5 Be5 16. Rb1 Nfe4 17. Bb2 Bxb2 18. Rxb2 Qa5 19. Qe1 Qxe1 20. Rxe1 Rfd8 21. f3
Nf6 22. Nd4 Bc8 23. Rc1 Ne6 24. Nfxe6 fxe6 25. Nc6 Re8 26. Ne5 Re7 27. Bb5 Bb7
28. Rbc2 Rb8 29. Rc7 Kf8 30. f4 d4 31. exd4 Rxc7 32. Rxc7 Be4 33. a4 a6 34. Bxa6
Rb1+ 35. Kf2 Rb2+ 36. Ke1 Rb1+ 37. Kd2 Rb2+ 38. Ke1 Rb1+ 39. Kd2 Rb2+ 40. Ke1 1/2-1/2

[Event "PRO League Group Stage"]
[Site "chess.com INT"]
[Date "2018.02.28"]
[Round "8"]
[White "Banawa, Joel"]
[Black "Stukopin, Andrey"]
[Result "1/2-1/2"]
[WhiteTitle "IM"]
[BlackTitle "GM"]
[WhiteElo "2397"]
[BlackElo "2590"]
[WhiteTeam "Las Vegas Desert Rats"]
[BlackTeam "Rio Grande Ospreys"]
[WhiteFideId "2024055"]
[BlackFideId "24107131"]
[EventDate "2018.01.18"]

1. d4 c5 2. d5 d6 3. Nc3 g6 4. e4 Bg7 5. Nf3 Nf6 6. Bb5+ Bd7 7. a4 O-O 8. h3
Bxb5 9. axb5 Nbd7 10. O-O Nb6 11. Re1 Nfd7 12. Bf4 Bxc3 13. bxc3 f6 14. Nd2 a6
15. c4 Ne5 16. Qe2 Qd7 17. Bg3 axb5 18. Bxe5 fxe5 19. cxb5 Rxa1 20. Rxa1 c4 21.
Qe3 Qc7 22. c3 e6 23. dxe6 Re8 24. h4 Rxe6 25. g3 Kg7 26. h5 gxh5 27. Nf3 h6 28.
Nh4 Kh7 29. Qf3 Qe7 30. Qf5+ Kg8 31. Ra7 Rf6 32. Qxh5 Qf7 33. Qg4+ Kh7 34. Nf5
d5 35. Qh4 Rg6 36. Qd8 dxe4 37. Nd6 Rxd6 38. Qxd6 Nc8 39. Qb8 Nxa7 40. Qxa7 Qd7
41. Qc5 Qd3 42. Qe7+ Kg6 43. Qe6+ Kg5 44. Qg8+ Kf6 45. Qf8+ Kg5 46. Qg7+ Kf5 47.
Qf7+ Kg5 48. Qg7+ Kf5 49. Qf7+ Kg5 50. Qg7+ 1/2-1/2

[Event "PRO League Group Stage"]
[Site "chess.com INT"]
[Date "2018.02.28"]
[Round "8"]
[White "Banawa, Joel"]
[Black "Ynojosa Aponte, Felix Jose"]
[Result "0-1"]
[WhiteTitle "IM"]
[BlackTitle "IM"]
[WhiteElo "2397"]
[BlackElo "2387"]
[WhiteTeam "Las Vegas Desert Rats"]
[BlackTeam "Rio Grande Ospreys"]
[WhiteFideId "2024055"]
[BlackFideId "3900258"]
[EventDate "2018.01.18"]

1. d4 Nf6 2. Bf4 d5 3. e3 c5 4. Nf3 Nc6 5. Nbd2 Nh5 6. Be5 f6 7. Bg3 Nxg3 8.
hxg3 Qb6 9. dxc5 Qxb2 10. Rb1 Qc3 11. Bd3 f5 12. O-O e5 13. Bb5 e4 14. Rb3 Qxc5
15. Nd4 a6 16. Bxc6+ bxc6 17. c4 Be7 18. Qb1 Bf6 19. cxd5 Qxd5 20. Rd1 O-O 21.
Qc2 c5 22. Ne2 Rd8 23. Nf4 Qf7 24. Qxc5 g5 25. Ne2 Be6 26. Rb6 Rac8 27. Qa5 Rc2
28. Nd4 Bxd4 29. exd4 Rxd4 30. Rb8+ Bc8 31. g4 Qd7 32. Qxa6 Kg7 33. Qa5 Rd5 34.
Qb4 Qc7 35. Rxc8 Qxc8 36. Qe7+ Kg6 37. Rb1 Rdc5 38. Rb7 Rc1+ 39. Kh2 Rc7 40.
gxf5+ Qxf5 41. Qd6+ Qf6 42. Nxe4 Qxd6+ 43. Nxd6 Rxb7 44. Nxb7 Rc2 45. Kg3 Rxa2
46. Nc5 h5 47. Nd7 Kf5 48. Nc5 h4+ 49. Kf3 g4+ 50. Ke3 Ra3+ 51. Ke2 Rc3 52. Nd3
Ke4 53. Ne1 Ra3 54. f3+ Kf4 55. fxg4 Kxg4 56. Kf2 Ra2+ 57. Kf1 Kg3 58. Nd3 Ra1+
59. Ne1 Rxe1+ 60. Kxe1 Kxg2 0-1

[Event "PRO League Group Stage"]
[Site "chess.com INT"]
[Date "2018.02.28"]
[Round "8"]
[White "Bryant, John Daniel"]
[Black "Smirnov, Anton"]
[Result "1-0"]
[WhiteTitle "IM"]
[BlackTitle "GM"]
[WhiteElo "2437"]
[BlackElo "2527"]
[WhiteTeam "San Diego Surfers"]
[BlackTeam "Australia Kangaroos"]
[WhiteFideId "2031280"]
[BlackFideId "3208923"]
[EventDate "2018.01.18"]

1. e4 e6 2. d4 d5 3. Nd2 c5 4. Ngf3 cxd4 5. Nxd4 Nc6 6. Bb5 Bd7 7. Nxc6 bxc6 8.
Bd3 Bd6 9. Qe2 Ne7 10. c4 Ng6 11. Nf3 Bb4+ 12. Kf1 Be7 13. h4 dxc4 14. Bxc4 Nxh4
15. Nxh4 Bxh4 16. Be3 Bf6 17. Rd1 Qc7 18. Bc5 Be7 19. Bd4 Kf8 20. Qh5 f6 21. Rh3
Rd8 22. Rhd3 g6 23. Qh3 Kf7 24. Bxf6 Kxf6 25. Rxd7 Qf4 26. Qxe6+ Kg5 27. Qxe7+ 1-0

[Event "PRO League Group Stage"]
[Site "chess.com INT"]
[Date "2018.02.28"]
[Round "8"]
[White "Bryant, John Daniel"]
[Black "Kuybokarov, Temur"]
[Result "0-1"]
[WhiteTitle "IM"]
[BlackTitle "IM"]
[WhiteElo "2437"]
[BlackElo "2472"]
[WhiteTeam "San Diego Surfers"]
[BlackTeam "Australia Kangaroos"]
[WhiteFideId "2031280"]
[BlackFideId "14203049"]
[EventDate "2018.01.18"]

1. e4 c5 2. c3 d5 3. exd5 Qxd5 4. d4 Nf6 5. Nf3 e6 6. Na3 Nc6 7. Be2 cxd4 8. Nb5
Qd8 9. Nbxd4 Nxd4 10. Nxd4 Bc5 11. Be3 O-O 12. O-O Bb6 13. Nc2 Nd5 14. Bd4 Bd7
15. Bf3 Bc6 16. Qd2 Ne7 17. Qe2 Bxf3 18. Qxf3 Nc6 19. Rad1 Nxd4 20. Nxd4 Qe7 21.
Rd2 g6 22. Rfd1 e5 23. Qe4 Rad8 24. Nf3 f6 25. h4 Rxd2 26. Rxd2 Rd8 27. Rxd8+
Qxd8 28. h5 Qd1+ 29. Kh2 Bxf2 30. hxg6 Qd7 31. g3 hxg6 32. Kg2 Bb6 33. Qxg6+ Qg7
34. Qe8+ Qf8 35. Qe6+ Qf7 36. Qc8+ Kg7 37. c4 Qc7 38. Qg4+ Kf7 39. Nh4 Qc6+ 40.
Kh2 Qe6 41. Nf5 Qd7 42. Kh3 Bc5 43. Kh4 Qd2 44. Qg7+ Ke6 45. Qg8+ Kd7 46. Qf7+
Kc8 47. Qxf6 Qxb2 48. g4 Kc7 49. Qf7+ Kb6 50. Qe6+ Ka5 51. Qd5 b6 52. Kh5 Qxa2
53. Ne7 Qh2+ 54. Kg6 Qc2+ 55. Kg7 Kb4 56. Nc6+ Kc3 57. Qxe5+ Kxc4 58. Qe6+ Kb5
59. Nxa7+ Ka6 60. Nc6 Qc3+ 61. Kf7 Qf3+ 62. Ke8 Qf8+ 63. Kd7 Qg7+ 64. Kc8 Qb7+
65. Kd8 Qa8+ 66. Kd7 Qb7+ 67. Ke8 Qg7 68. Ne5 Qf8+ 69. Kd7 Qg7+ 70. Nf7 Qd4+ 71.
Kc8 Qc3 72. Qe2+ Ka5 73. Kb7 Kb4 74. Ne5 Bd4 75. Nc6+ Kc5 76. Qe7+ Kb5 77. Qe2+
Kc5 78. g5 Qe3 79. Qc2+ Kd6 80. g6 Qf3 81. Qh2+ Kc5 82. Qc7 Qg2 83. Qe7+ Kb5 84.
Qe6 Kc5 85. Kc7 Bg1 86. Qd6+ Kc4 87. Qe6+ Kc5 88. Qe5+ Kc4 89. Kb7 Bh2 90. Qe6+
Kb5 91. Qf6 Qd5 92. Qf7 Qxc6+ 93. Ka7 Be5 94. Qb3+ Kc5 95. Qc2+ Kd6 96. Qd3+ Kc5
97. Qc2+ Kd5 98. Qg2+ Kd6 99. Qd2+ Ke6 100. Qh6 Kd5 101. Qd2+ Ke6 102. Qh6 Qa4+
103. Kb7 Qd7+ 104. Ka6 Bg7 105. Qh3+ Kd6 106. Qd3+ Kc6 107. Qc4+ Kd6 108. Qd3+
Ke7 109. Qe3+ Kf6 110. Qf4+ Kxg6 111. Qg3+ Kh7 112. Qh2+ Kg8 113. Qa2+ Kh8 114.
Qh2+ Kg8 115. Qa2+ Kf8 116. Qa3+ Ke8 117. Qe3+ Kf7 118. Qf3+ Kg6 119. Qg2+ Kh7
120. Qh2+ Kg8 121. Qa2+ Kf8 122. Qf2+ Ke7 123. Qe3+ Kf7 124. Qf2+ Bf6 125. Qa2+
Kg7 126. Qg2+ Kf8 127. Qa8+ Bd8 128. Qf3+ Ke8 129. Qe4+ Qe7 130. Qg6+ Kd7 131.
Qd3+ Qd6 132. Qh7+ Kc6 133. Qe4+ Qd5 134. Qc2+ Kd6 135. Qg6+ Kc5 136. Qg1+ Qd4
137. Qe1 Qa4+ 138. Kb7 Qd7+ 139. Ka6 Qd3+ 140. Ka7 b5 141. Qc1+ Kb4 142. Qb2+
Kc4 143. Qa2+ Kd4 144. Qb2+ Kc5 145. Qc1+ Kd6 146. Qf4+ Kc6 147. Qh6+ Qd6 148.
Qh1+ Kd7 149. Qh3+ Kc6 150. Qh1+ Qd5 151. Qh6+ Kc5 152. Qc1+ Qc4 153. Qa3+ b4
154. Qe3+ Qd4 155. Qc1+ Kb5+ 156. Kb8 Qb6+ 157. Ka8 Qc6+ 0-1

[Event "PRO League Group Stage"]
[Site "chess.com INT"]
[Date "2018.02.28"]
[Round "8"]
[White "Xiong, Jeffery"]
[Black "Li, Di"]
[Result "1-0"]
[WhiteTitle "GM"]
[BlackTitle "IM"]
[WhiteElo "2634"]
[BlackElo "2455"]
[WhiteTeam "Dallas Destiny"]
[BlackTeam "Chengdu Pandas"]
[WhiteFideId "2047640"]
[BlackFideId "8607508"]
[EventDate "2018.01.18"]

1. d4 d5 2. c4 c6 3. Nf3 Nf6 4. Qb3 dxc4 5. Qxc4 Bg4 6. Nbd2 Nbd7 7. g3 e6 8.
Bg2 Be7 9. O-O O-O 10. b3 Rc8 11. Bb2 Bh5 12. Rfd1 Qa5 13. a3 Rfd8 14. b4 Qc7
15. Rac1 a5 16. bxa5 Qxa5 17. Qb3 Qb6 18. a4 Ra8 19. Ra1 Qxb3 20. Nxb3 Nb6 21.
a5 Nc4 22. Bc3 Bg6 23. Rdc1 Ba3 24. Ne5 Bxc1 25. Nxc4 Bh6 26. Nb6 Ra7 27. Nc5
Nd5 28. Bxd5 exd5 29. h4 Bf5 30. Ra2 g6 31. Rb2 Bf8 32. Nba4 Bc8 33. Kg2 Re8 34.
Be1 h5 35. Bc3 Bd6 36. Kf1 Bc7 37. Nb6 Bh3+ 38. Ke1 Bg4 39. e3 Bd6 40. Nba4 Re7
41. Bb4 Kg7 42. Kd2 f6 43. Kc3 g5 44. Nd3 Bxb4+ 45. Kxb4 Bf5 46. Ndc5 Kf7 47.
Re2 gxh4 48. gxh4 Ra8 49. Nb3 Rg8 50. Kc5 Rg1 51. Rb2 Rh1 52. Kb6 Rxh4 53. Nbc5
Bc8 54. Ka7 Rg4 55. Nb6 Bf5 56. f3 Rg1 57. e4 dxe4 58. fxe4 Bxe4 59. Nc8 f5 60.
Nxe7 Kxe7 61. Kxb7 Bd5 62. a6 Ra1 63. a7 Kf6 64. a8=Q Rxa8 65. Kxa8 h4 66. Kb7
Kg5 67. Kc7 h3 68. Rh2 Kg4 69. Kd6 f4 70. Ke5 f3 71. Nd3 Kg3 72. Rd2 h2 73. Nf2
Kg2 74. Kf4 h1=Q 75. Nxh1+ Kxh1 76. Kg3 Bb3 77. Rb2 1-0

[Event "PRO League Group Stage"]
[Site "chess.com INT"]
[Date "2018.02.28"]
[Round "8"]
[White "Ruiz Castillo, Joshua Daniel"]
[Black "Khachiyan, Melikset"]
[Result "1-0"]
[WhiteTitle "IM"]
[BlackTitle "GM"]
[WhiteElo "2368"]
[BlackElo "2522"]
[WhiteTeam "Rio Grande Ospreys"]
[BlackTeam "Las Vegas Desert Rats"]
[WhiteFideId "4400704"]
[BlackFideId "13300512"]
[EventDate "2018.01.18"]

1. e4 c6 2. d4 d5 3. e5 g6 4. Nf3 Bg4 5. Be2 Bxf3 6. Bxf3 e6 7. Nd2 Ne7 8. c3
Nf5 9. Be2 Be7 10. O-O h5 11. Nf3 Nd7 12. g3 Kf8 13. h4 Kg7 14. Bg5 a6 15. Bd3
c5 16. Bxf5 gxf5 17. Kg2 Rc8 18. Qd2 Nf8 19. Rac1 c4 20. b4 Ng6 21. Rh1 Qd7 22.
Ng1 Bxg5 23. Qxg5 Qe7 24. Qd2 f6 25. exf6+ Qxf6 26. f4 Rce8 27. Nf3 Ne7 28. Ng5
Nc8 29. Qc2 Nd6 30. Qa4 Re7 31. Qa5 Qg6 32. Qc5 Rd7 33. Rhe1 Ne4 34. Qb6 Re7 35.
Rf1 Rf8 36. Rc2 Nxg5 37. hxg5 h4 38. Rh1 Rh8 39. Qd6 Kf7 40. Qe5 Rh7 41. gxh4
Qh5 42. Qe2 Kg6 43. Qxh5+ Kxh5 44. Kg3 b6 45. Re1 Re8 46. Rce2 Rhe7 47. a4 Kg6
48. h5+ Kxh5 49. Rh1+ Kg6 50. Rh6+ Kf7 51. Kh4 Kg7 52. Kh5 Kf7 53. Rh7+ Kf8 54.
Rxe7 Kxe7 55. Kg6 Rh8 56. a5 b5 57. Re3 Rh4 58. Rf3 Rh1 59. Kg7 Rh4 60. g6 Rg4
61. Rh3 Rxf4 62. Rh8 e5 63. dxe5 d4 64. cxd4 Rxd4 65. Rc8 Rg4 66. Rc6 f4 67.
Rxa6 c3 68. Rc6 f3 69. Rxc3 Rf4 70. Rc1 Rxb4 71. Rf1 Ra4 72. Rxf3 Rxa5 73. Kh7
Ra1 74. Rb3 Rh1+ 75. Kg7 Ke6 76. Rxb5 Rg1 77. Kh7 Rh1+ 78. Kg8 Rg1 79. g7 Rg2
80. Rb6+ Ke7 81. Kh7 Rh2+ 82. Rh6 1-0

[Event "PRO League Group Stage"]
[Site "chess.com INT"]
[Date "2018.02.28"]
[Round "8"]
[White "Ruiz Castillo, Joshua Daniel"]
[Black "Banawa, Joel"]
[Result "0-1"]
[WhiteTitle "IM"]
[BlackTitle "IM"]
[WhiteElo "2368"]
[BlackElo "2397"]
[WhiteTeam "Rio Grande Ospreys"]
[BlackTeam "Las Vegas Desert Rats"]
[WhiteFideId "4400704"]
[BlackFideId "2024055"]
[EventDate "2018.01.18"]

1. e4 c6 2. d4 d5 3. e5 c5 4. dxc5 e6 5. Be3 Nc6 6. Nf3 Nh6 7. Bb5 Nf5 8. Bd4
Nxd4 9. Nxd4 Qc7 10. b4 Qxe5+ 11. Kf1 Bd7 12. c3 g6 13. Nf3 Qf6 14. a3 Bg7 15.
Ra2 O-O 16. Be2 e5 17. c4 e4 18. Nfd2 Be6 19. b5 Ne5 20. Kg1 e3 21. fxe3 Bh6 22.
Nf1 dxc4 23. Rd2 Qe7 24. Rd6 Bf5 25. Nc3 Nd3 26. Nd5 Qe5 27. Bxd3 cxd3 28. Qe1
Rfd8 29. Qg3 Bg7 30. Nd2 Qa1+ 31. Nf1 Rxd6 32. Qxd6 d2 33. Ne7+ Kh8 34. Qxd2 Be4
35. c6 Qe5 36. Qd7 bxc6 37. bxc6 Qb2 38. Qd2 Qe5 39. Qd7 Qg5 40. g3 Bf8 41. c7
Qxe7 42. c8=Q Rxc8 43. Qxc8 Kg8 44. a4 Qf6 45. Nd2 Bxh1 46. Kxh1 Qf2 47. Qc3 h5
48. Qd3 h4 49. gxh4 Qxh4 50. Ne4 Qe1+ 51. Kg2 Qa5 52. Qd4 Bg7 53. Qc4 Qf5 54.
Ng3 Qd7 55. e4 Bf8 56. Qd5 Qxd5 57. exd5 Kg7 58. Kf3 Kf6 59. Ke4 Ke7 60. Ne2 Kd6
61. Nd4 a6 62. Nc6 Bg7 63. Nb4 a5 64. Nc6 Bc3 65. h4 Be1 66. Kd4 f5 0-1

[Event "PRO League Group Stage"]
[Site "chess.com INT"]
[Date "2018.02.28"]
[Round "8"]
[White "Colas, Joshua"]
[Black "Shetty, Atulya"]
[Result "0-1"]
[WhiteTitle "FM"]
[BlackTitle "IM"]
[WhiteElo "2240"]
[BlackElo "2389"]
[WhiteTeam "Webster Windmills"]
[BlackTeam "Pittsburgh Pawngrabbers"]
[WhiteFideId "2044447"]
[BlackFideId "2031213"]
[EventDate "2018.01.18"]

1. Nf3 d5 2. b3 Nf6 3. Bb2 g6 4. g3 Bg7 5. Bg2 O-O 6. O-O c5 7. d3 Nc6 8. Nbd2
Re8 9. Rb1 Qc7 10. e4 dxe4 11. dxe4 b6 12. Re1 e6 13. Qc1 Bb7 14. Nc4 Rad8 15.
e5 Nd5 16. Nd6 Re7 17. a3 Red7 18. c4 Nde7 19. g4 Ba8 20. Nxf7 Kxf7 21. Ng5+ Kg8
22. Nxe6 Qc8 23. Nxg7 Nd4 24. e6 Bxg2 25. exd7 Qxd7 26. Ne6 Ba8 27. Qh6 Nxe6 28.
Rxe6 Qd1+ 29. Re1 Qxg4+ 30. Kf1 Bg2+ 0-1

[Event "PRO League Group Stage"]
[Site "chess.com INT"]
[Date "2018.02.28"]
[Round "8"]
[White "Colas, Joshua"]
[Black "Shabalov, Alexander"]
[Result "0-1"]
[WhiteTitle "FM"]
[BlackTitle "GM"]
[WhiteElo "2240"]
[BlackElo "2544"]
[WhiteTeam "Webster Windmills"]
[BlackTeam "Pittsburgh Pawngrabbers"]
[WhiteFideId "2044447"]
[BlackFideId "2008572"]
[EventDate "2018.01.18"]

1. d4 Nc6 2. Nf3 d6 3. g3 Bg4 4. Bg2 e6 5. O-O Nf6 6. c4 Be7 7. Nc3 O-O 8. h3
Bh5 9. g4 Bg6 10. Nh4 e5 11. Nxg6 hxg6 12. dxe5 Nxe5 13. b3 c6 14. Bf4 Qc7 15.
Bxe5 dxe5 16. Qc2 Nh7 17. Rad1 f5 18. Rd2 Rad8 19. Rxd8 Bxd8 20. b4 Ng5 21. b5
e4 22. bxc6 bxc6 23. f4 exf3 24. exf3 Qg3 25. h4 Bb6+ 0-1

[Event "PRO League Group Stage"]
[Site "chess.com INT"]
[Date "2018.02.28"]
[Round "8"]
[White "Becerra Rivero, Julio"]
[Black "Nagle, Sean"]
[Result "1/2-1/2"]
[WhiteTitle "GM"]
[BlackTitle "IM"]
[WhiteElo "2531"]
[BlackElo "2432"]
[WhiteTeam "Miami Champions"]
[BlackTeam "Minnesota Blizzard"]
[WhiteFideId "3501728"]
[BlackFideId "2013878"]
[EventDate "2018.01.18"]

1. e4 g6 2. d4 Bg7 3. Nc3 d6 4. Bg5 a6 5. Qd2 Nd7 6. f4 b5 7. e5 Bb7 8. O-O-O f6
9. exf6 exf6 10. Bh4 Ne7 11. Nf3 Nb6 12. Bd3 Qd7 13. Rhe1 O-O-O 14. Kb1 Rde8 15.
Ne4 Rhf8 16. Re2 h6 17. Rde1 Ned5 18. Ng3 Qf7 19. Ne4 Kb8 20. Bf2 f5 21. Nc3
Rxe2 22. Rxe2 Nb4 23. a3 Nxd3 24. Qxd3 Re8 25. Nh4 Bf6 26. g3 Nd5 27. Nxd5 Bxd5
28. Rxe8+ Qxe8 29. Qe3 Qf7 30. Nf3 Kc8 31. Nd2 Qd7 32. Qe2 Qe6 33. Qxe6+ Bxe6
34. c3 Kb7 35. Kc2 Be7 36. Kd3 c5 37. dxc5 dxc5 38. c4 Kc6 39. b3 Bf6 40. Nf3
bxc4+ 41. bxc4 Kd6 42. Be1 Bb2 43. a4 Bd7 44. Ne5 Bxa4 45. Nxg6 Bc6 46. Bc3 Be4+
47. Kd2 Ba3 48. Ne5 Bb4 49. Nf7+ Ke6 50. Nxh6 a5 51. g4 fxg4 52. Nxg4 Kf5 53.
Ne3+ Kxf4 54. Nd5+ Kg4 55. Nf6+ Kf5 56. Nxe4 Kxe4 57. Kc2 Kf3 58. Bf6 a4 59. h4
Kg4 60. Be7 Kh5 61. Kb2 Kg4 62. Ka2 1/2-1/2

[Event "PRO League Group Stage"]
[Site "chess.com INT"]
[Date "2018.02.28"]
[Round "8"]
[White "Becerra Rivero, Julio"]
[Black "Tang, Andrew"]
[Result "1-0"]
[WhiteTitle "GM"]
[BlackTitle "IM"]
[WhiteElo "2531"]
[BlackElo "2513"]
[WhiteTeam "Miami Champions"]
[BlackTeam "Minnesota Blizzard"]
[WhiteFideId "3501728"]
[BlackFideId "2059630"]
[EventDate "2018.01.18"]

1. e4 e5 2. Nf3 Nc6 3. Bb5 a6 4. Ba4 Nf6 5. O-O Be7 6. Re1 b5 7. Bb3 d6 8. c3
O-O 9. h3 Bb7 10. d4 Re8 11. Ng5 Rf8 12. Nf3 Re8 13. Nbd2 Bf8 14. d5 Nb8 15. Nf1
Nbd7 16. Bg5 Nc5 17. Bc2 c6 18. b4 Ncd7 19. dxc6 Bxc6 20. N3h2 Qc7 21. Bxf6 Nxf6
22. Ng4 Nxg4 23. Qxg4 d5 24. Qf3 dxe4 25. Bxe4 Bxe4 26. Rxe4 g6 27. g4 Rad8 28.
a4 Re6 29. axb5 axb5 30. Ng3 Bh6 31. Re2 Qc4 32. Ra8 Rxa8 33. Qxa8+ Kg7 34. Qf3
Bf4 35. Ne4 Ra6 36. Re1 Ra3 37. Rd1 Qb3 38. Kg2 Ra7 39. g5 Qe6 40. h4 h6 41. Rd6
Qc4 42. Qd3 Qc8 43. Qh3 Qc4 44. Qd3 Qc8 45. Qh3 Qc4 46. Qf3 Ra1 47. Qd3 Qxd3 48.
Rxd3 hxg5 49. hxg5 Ra6 50. Kf3 Rb6 51. Kg4 Kf8 52. Rd7 Ke8 53. Ra7 Rc6 54. Rb7
Rc4 55. Nd6+ Kf8 56. Nxc4 bxc4 57. b5 Bd2 58. b6 Bxc3 59. Rb8+ Kg7 60. b7 Bd4
61. Ra8 1-0

[Event "PRO League Group Stage"]
[Site "chess.com INT"]
[Date "2018.02.28"]
[Round "8"]
[White "Admiraal, Miguoel"]
[Black "Maurizzi, Marc Andria"]
[Result "1/2-1/2"]
[WhiteTitle "IM"]
[BlackTitle "CM"]
[WhiteElo "2453"]
[BlackElo "2018"]
[WhiteTeam "Amsterdam Mosquitoes"]
[BlackTeam "Marseille Migraines"]
[WhiteFideId "1019716"]
[BlackFideId "36083534"]
[EventDate "2018.01.18"]

1. e4 c5 2. Nf3 Nc6 3. Bb5 g6 4. Bxc6 dxc6 5. d3 Bg7 6. h3 Nf6 7. Nc3 b6 8. Bf4
Nd7 9. e5 Nf8 10. Qd2 h6 11. Bh2 Ne6 12. O-O Nd4 13. Ne1 O-O 14. Ne4 Bf5 15. c3
Bxe4 16. cxd4 Bd5 17. dxc5 bxc5 18. Nc2 c4 19. d4 Rb8 20. Ne3 Qb6 21. Rab1 Rfd8
22. Rfd1 e6 23. Qc2 Rb7 24. Nxc4 Bxc4 25. Qxc4 Rbd7 26. Bg3 Rxd4 27. Rxd4 Rxd4
28. Qc3 h5 29. h4 Bh6 30. Rf1 Rd2 31. a4 Rxb2 32. Qd3 Rd2 33. Qf3 Rd4 34. Rd1
Rxd1+ 35. Qxd1 Qb4 36. Qd8+ Bf8 37. a5 c5 38. Qc7 c4 39. Qxa7 c3 40. Qc7 Bc5 41.
Qd8+ Kh7 42. Qf6 Kg8 1/2-1/2

[Event "PRO League Group Stage"]
[Site "chess.com INT"]
[Date "2018.02.28"]
[Round "8"]
[White "Admiraal, Miguoel"]
[Black "Maze, Sebastien"]
[Result "1/2-1/2"]
[WhiteTitle "IM"]
[BlackTitle "GM"]
[WhiteElo "2453"]
[BlackElo "2620"]
[WhiteTeam "Amsterdam Mosquitoes"]
[BlackTeam "Marseille Migraines"]
[WhiteFideId "1019716"]
[BlackFideId "613762"]
[EventDate "2018.01.18"]

1. e4 c5 2. Nf3 Nc6 3. Bb5 g6 4. Bxc6 bxc6 5. d4 cxd4 6. Qxd4 Nf6 7. e5 Nd5 8.
O-O Bg7 9. Qh4 h6 10. Re1 d6 11. exd6 Qxd6 12. Nbd2 g5 13. Qa4 O-O 14. c3 Bf5
15. Ne4 Bxe4 16. Qxe4 e6 17. h4 Nf6 18. Qa4 g4 19. Ne5 h5 20. Qxc6 Qxc6 21. Nxc6
Nd5 22. Bg5 Rfc8 23. Ne7+ Nxe7 24. Bxe7 Rab8 25. Re2 Rb7 26. Ba3 Rd7 27. Rae1
Rcd8 28. c4 Rd3 29. g3 a5 30. Bc5 Rc8 31. Bb6 Rxc4 32. Bxa5 Ra4 33. b4 Rda3 34.
Bb6 Bc3 35. Rb1 Rxb4 36. Rxb4 Bxb4 37. Kg2 Kg7 38. Bd4+ Kg6 39. Re5 Be7 40. Re2
Ra6 41. Rc2 f6 42. Be3 e5 43. Rb2 Ra3 44. Rc2 Kf5 45. Rc7 Bb4 46. Rh7 Rxa2 47.
Rxh5+ Ke4 48. Rh7 f5 49. Rf7 Bd6 50. Rf6 Bc7 51. Re6 Kd5 52. Rf6 Ke4 53. Re6 Bb8
54. h5 Ba7 55. Bxa7 Rxa7 56. h6 Rh7 57. Rg6 Kd5 58. Rf6 Ke4 59. Rg6 1/2-1/2

[Event "PRO League Group Stage"]
[Site "chess.com INT"]
[Date "2018.02.28"]
[Round "8"]
[White "Van Kampen, Robin"]
[Black "Perez Ponsa, Federico"]
[Result "1-0"]
[WhiteTitle "GM"]
[BlackTitle "GM"]
[WhiteElo "2646"]
[BlackElo "2553"]
[WhiteTeam "Montreal Chessbrahs"]
[BlackTeam "Buenos Aires Krakens"]
[WhiteFideId "1020854"]
[BlackFideId "117927"]
[EventDate "2018.01.18"]

1. e4 e5 2. Nf3 Nc6 3. Bc4 Bc5 4. c3 Nf6 5. d3 O-O 6. O-O d5 7. exd5 Nxd5 8.
Nbd2 Nb6 9. Bb5 Bd6 10. Re1 Bg4 11. h3 Bh5 12. Ne4 f5 13. Ng3 Bxf3 14. Qxf3 Qd7
15. b3 Rae8 16. Bb2 a6 17. Bxc6 bxc6 18. c4 c5 19. Re2 e4 20. dxe4 fxe4 21. Qe3
Bf4 22. Qxc5 e3 23. Nf1 Bd6 24. Qh5 g6 25. Qa5 exf2+ 26. Rxf2 Rxf2 27. Kxf2 Qf7+
28. Kg1 Re2 29. Bd4 Qf4 30. Rd1 Qe4 31. Bf2 Qf4 32. Bxb6 cxb6 33. Qxb6 Qe4 34.
Qd8+ Kg7 35. Qd7+ Kh6 36. Qg4 Bc5+ 37. Kh2 Qxg4 38. hxg4 Rxa2 39. g5+ Kh5 40.
Kh3 Be7 41. Rd7 Bxg5 42. Rxh7+ Bh6 43. Nh2 Rb2 44. Ng4 Rxb3+ 45. g3 Rc3 46. Nxh6
Kg5 47. Nf7+ Kf6 48. Nd6 Ke6 49. Ne8 a5 50. Ra7 Rxc4 51. Rxa5 Ke7 52. Re5+ Kf8
53. Nf6 Rc1 54. Ne4 Kg7 55. Kg4 Kh6 56. Re8 Rc4 57. Re5 Ra4 58. Kf4 Rb4 59. g4
Rb1 60. Re8 Rf1+ 61. Kg3 Rg1+ 62. Kh3 Rh1+ 63. Kg2 Ra1 64. Rf8 Ra4 65. Kf3 Ra1
66. g5+ Kg7 67. Rb8 Rf1+ 68. Kg3 Rg1+ 69. Kh4 Rh1+ 70. Kg4 Rg1+ 71. Kf4 Ra1 72.
Rb7+ Kf8 73. Ke5 Rf1 74. Ke6 Rf5 75. Rb8+ Kg7 76. Rd8 Ra5 77. Rd7+ Kh8 78. Kf6
Ra6+ 79. Nd6 1-0